000 01004nam a22003137a 4500
003 CHAP
005 20220329140748.0
008 971013s1972 r 10010 d
010 _a57224
011 _a58196
035 _a62351
040 _cCHAP
082 _a631.46
_bS95
111 0 0 _aSymposium on Soil Microbiology. (
_n1
_d: 1970
_c: Budapest)
_9111083
245 _aProceedings
260 _aBudapest :
_bAkademiai Kiado,
_c1972
300 _a454 p.
_b: ilus. ; gráfs.
490 _aSymposia biologica hungarica
_v; 11
590 _aBATCH-UPD
_b10
_c20130110
_lUCH01
_h0535
590 _aBATCH-UPD
_b10
_c20130410
_lUCH01
_h0215
590 _aBATCH-UPD
_b10
_c20130914
_lUCH01
_h2038
590 _aCONVERSION
_b10
_c20130109
_lUCH01
_h1331
650 1 4 _aSuelos
_xMicrobiología.
_9110434
700 0 _aSzegi, J.
_9111177
830 0 _aSymposia biologica hungarica
_v; 11
_9110923
901 _aBK
942 _cLIBRO
949 _a631.46 S95
_bBC
_cLIBRO
_d33724002205827
_eLIBRO
_h53363
_i62351
_si
_t780.00
999 _c57224
_d57224